Led Zeppelin : kompletní příběh /

Main Author: Barton, Geoff
Other Authors: Blake, Mark, 1965-, Carson, Phil, Collins, Jeff, 1966-, Fielder, Hugh, 1948-, Henderson, Paul, Hoskyns, Barney, 1959-, Hughes, Rob, Lewis, Dave, 1956-, Makowski, Pete, Ravendale, Ian, -2021, Wall, Mick, Welch, Chris, 1941-, Klíma, Vojtěch, 1988-, Pouzar, Ludvík, Žemlík, Boleslav, 1991-
Language: Czech
Published: Brno : Extra Publishing, 2020
Edition: Vydání první
Series: Bookazine. Classic rock
Subjects:
Physical Description: 144 stran : ilustrace (převážně barevné), portréty, faksimile ; 30 cm
Language note: Český text
Book
Saved in:
LEADER 03788cam a2200889 i 4500
001 nkc20203240678
003 CZ PrNK
005 20250517222832.0
007 ta
008 200624s2020 xr ach e 000 0dcze d
015 |a cnb003240678 
020 |a 978-80-7525-312-5  |q (brožováno) :  |c Kč 179,00 
035 |a (OCoLC)1200258580 
040 |a KAG503  |b cze  |d OSA001  |d BOA001  |e rda 
041 1 |a cze  |h eng 
043 |a e-uk--- 
045 |a x-y- 
072 7 |a 78.07  |x Hudebníci, skladatelé a jiná hudební povolání  |2 Konspekt  |9 9 
080 |a 785.16.071  |2 MRF 
080 |a 78.071.1/.2  |2 MRF 
080 |a 78.036.011.26  |2 MRF 
080 |a 78-027.22  |2 MRF 
080 |a (410)  |2 MRF 
080 |a (0:82-96)  |2 MRF 
080 |a (047.53)  |2 MRF 
100 1 |a Barton, Geoff  |7 jo20201085498  |4 aut 
240 1 0 |a Led Zeppelin.  |l Česky 
245 1 0 |a Led Zeppelin :  |b kompletní příběh /  |c autoři: Geoff Barton, Mark Blake, Phil Carson, Jeff Collins, Hugh Fielder, Paul Henderson, Barney Hoskins, Rob Hughes, Dave Lewis, Peter Makowski, Ian Ravendale, Mick Wall, Chris Welch, Vojtěch Klíma ; překlad: Ludvík Pouzar, Boleslav Žemlík 
246 3 |a Kompletní příběh Led Zeppelin 
250 |a Vydání první 
264 1 |a Brno :  |b Extra Publishing,  |c 2020 
300 |a 144 stran :  |b ilustrace (převážně barevné), portréty, faksimile ;  |c 30 cm 
336 |a text  |b txt  |2 rdacontent 
336 |a statický obraz  |b sti  |2 rdacontent 
337 |a bez média  |b n  |2 rdamedia 
338 |a svazek  |b nc  |2 rdacarrier 
490 1 |a Bookazine,  |x 2571-4007 ;  |v sešit č. 7.  |a Classic rock 
500 |a Přeloženo z angličtiny 
500 |a Obálkový podnázev: 100% neoficiální 
546 |a Český text 
610 2 7 |a Led Zeppelin (hudební skupina)  |7 xx0011546  |2 czenas 
648 7 |a 20.-21. století  |7 ch462155  |2 czenas 
650 0 7 |a hudební skupiny  |7 ph120924  |z Velká Británie  |y 20. století  |2 czenas 
650 0 7 |a rockoví hudebníci  |7 ph125178  |z Velká Británie  |y 20.-21. století  |2 czenas 
650 0 7 |a rock  |7 ph125174  |z Velká Británie  |2 czenas 
650 0 7 |a hudební život  |7 ph135177  |z Velká Británie  |y 20.-21. století  |2 czenas 
650 0 9 |a musical groups  |z Great Britain  |y 20th century  |2 eczenas 
650 0 9 |a rock musicians  |z Great Britain  |y 20th-21st centuries  |2 eczenas 
650 0 9 |a rock music  |z Great Britain  |2 eczenas 
650 0 9 |a musical life  |z Great Britain  |y 20th-21st centuries  |2 eczenas 
655 7 |a literatura faktu  |7 fd132773  |2 czenas 
655 7 |a rozhovory  |7 fd133303  |2 czenas 
655 9 |a non-fiction  |2 eczenas 
655 9 |a interviews  |2 eczenas 
700 1 |a Blake, Mark,  |d 1965-  |7 osa2012735177  |4 aut 
700 1 |a Carson, Phil  |7 xx0251727  |4 aut 
700 1 |a Collins, Jeff,  |d 1966-  |7 jo20251255301  |4 aut 
700 1 |a Fielder, Hugh,  |d 1948-  |7 mzk2014837351  |4 aut 
700 1 |a Henderson, Paul  |7 ola20251253650  |4 aut 
700 1 |a Hoskyns, Barney,  |d 1959-  |7 xx0140935  |4 aut 
700 1 |a Hughes, Rob  |7 kv2014801881  |4 aut 
700 1 |a Lewis, Dave,  |d 1956-  |7 jx20110624013  |4 aut 
700 1 |a Makowski, Pete  |7 xx0251709  |4 aut 
700 1 |a Ravendale, Ian,  |d -2021  |7 ola20251253653  |4 aut 
700 1 |a Wall, Mick  |7 xx0037123  |4 aut 
700 1 |a Welch, Chris,  |d 1941-  |7 jo2002101753  |4 aut 
700 1 |a Klíma, Vojtěch,  |d 1988-  |7 xx0264868  |4 aut 
700 1 |a Pouzar, Ludvík  |7 ola20191047593  |4 trl 
700 1 |a Žemlík, Boleslav,  |d 1991-  |7 av2018981070  |4 trl 
830 0 |a Bookazine.  |p Classic rock  |0 s 
910 2 |a BOA001  |b 4-1452.151 
920 |a 006455061  |z OSA001 
990 |a BK 
995 |a 01 
991 |b 202008  |c NOV 
996 6 |b 2610833826  |c 4-1452.151  |l MZK  |r Sklad / do 1 hodiny  |n 0  |p p.v.  |w 001817402  |u 000010  |a 1  |e BOA001  |j MZK50  |s P 
996 7 |b 2610833827  |c 4-1452.151  |l MZK  |r Sklad / do 1 hodiny  |n 1  |p p.v.  |w 001817402  |u 000020  |a 1  |e BOA001  |j MZK50  |s A